Đi bán đam mê Những câu chuyện khởi nghiệp

Tập hợp 41 bài viết về chân dung khởi nghiệp với niềm đam mê, khát vọng vươn lên, vượt qua những khó khăn trong buổi đầu gây dựng sự nghiệp, cố gắng tận dụng những điều kiện sẵn có nơi mình đang sống, tìm được lối đi riêng, hướn...

Popoln opis

Shranjeno v:
Bibliografske podrobnosti
Glavni avtor: Đỗ, Quang Tuấn Hoàng
Format: Knjiga
Jezik:Undetermined
Izdano: Hồ Chí Minh Nxb. Tp. Hồ Chí Minh 2018
Teme:
Online dostop:http://lrc.tdmu.edu.vn/opac/search/detail.asp?aID=2&ID=33475
Oznake: Označite
Brez oznak, prvi označite!
Thư viện lưu trữ: Trung tâm Học liệu Trường Đại học Thủ Dầu Một
LEADER 01261nam a2200217Ia 4500
001 TDMU_33475
008 210410s9999 xx 000 0 und d
082 |a 541.28 
090 |b Đ450 
100 |a Đỗ, Quang Tuấn Hoàng 
245 0 |a Đi bán đam mê 
245 0 |b Những câu chuyện khởi nghiệp 
245 0 |c Đỗ Quang Tuấn Hoàng 
260 |a Hồ Chí Minh 
260 |b Nxb. Tp. Hồ Chí Minh 
260 |c 2018 
300 |a 333 tr 
520 |a Tập hợp 41 bài viết về chân dung khởi nghiệp với niềm đam mê, khát vọng vươn lên, vượt qua những khó khăn trong buổi đầu gây dựng sự nghiệp, cố gắng tận dụng những điều kiện sẵn có nơi mình đang sống, tìm được lối đi riêng, hướng tới phục vụ cộng đồng, đồng thời bảo lưu những giá trị văn hoá truyền thống của dân tộc 
650 |a Bí quyết thành công  |x Doanh nghiệp  |x Khởi nghiệp  
856 |u http://lrc.tdmu.edu.vn/opac/search/detail.asp?aID=2&ID=33475 
980 |a Trung tâm Học liệu Trường Đại học Thủ Dầu Một